LEADER 00882nam a2200193 4500 001 000000367164 003 CaOOAMICUS 005 20260410113008.0 008 260410s1908 it 000 u ita r 040 $aSeMil$bita 245 00$aCompendio della vita del beato Giovanni Leonardi fondatore della Congregazione della Madre di Dio. 264 1$aLucca :$bTipografia arciv. S. Paolino,$c1908. 300 $a36 p. ;$c17 cm 650 4$aGiovanni : Leonardi .$0(OLS)http://semarc/subject/16701 850 $aSeMil 852 $aSeMil$W1$xVenegono$y1$m5C VIII 10/16$j270032$B257887$CSeMilBibl$Z2$F257887 $81 996 $6245$aCompendio della vita del beato Giovanni Leonardi fondatore della Congregazione della Madre di Dio$9(OLS)http://semarc/title/459042 996 $6264$aLucca :$bTipografia arciv. S. Paolino$9(OLS)http://semarc/publisher/43905